RUNNING SCARED (Record no. 34016)

MARC details
000 -LEADER
fixed length control field 00246nam a22001217a 4500
003 - CONTROL NUMBER IDENTIFIER
control field SGT
082 ## - DEWEY DECIMAL CLASSIFICATION NUMBER
Classification number 823
Item number JAC
100 ## - MAIN ENTRY--PERSONAL NAME
Personal name JACKSON LISA
245 ## - TITLE STATEMENT
Title RUNNING SCARED
260 ## - PUBLICATION, DISTRIBUTION, ETC. (IMPRINT)
Place of publication, distribution, etc LONDON
Name of publisher, distributor, etc HODDER PUB
Year of Publication 2011
300 ## - PAGE DESCRIPTION
No. of Pages 514
942 ## - ADDED ENTRY ELEMENTS (KOHA)
Source of classification or shelving scheme Dewey Decimal Classification
Koha item type Books
Holdings
Withdrawn status Lost status Source of classification or shelving scheme Damaged status Not for loan Collection code Home library Current library Shelving location Date acquired SGTU Total Checkouts Full call number Accession No. (Barcode) Date last seen Bill Date Koha item type
    Dewey Decimal Classification     MASS COMMUNICATION SGT Science & Social Sciences Library SGT Science & Social Sciences Library Text Book 06/02/2026 SGTU   823 JAC MC1673 06/02/2026 06/02/2026 Books